Lana Del Rey - When the World Was at War We Kept Dancing Lyrics - Statistics

General Stats
  • This quiz has been taken 73 times
  • The average score is 311 of 363
Answer Stats
Answer % Correct
a
100%
an
98%
do
98%
don't
98%
of
98%
the
98%
we
98%
We
98%
When
98%
you
98%
your
98%
all
96%
and
96%
And
96%
forget
96%
Girls
96%
Is
96%
it
96%
to
96%
America?
93%
at
93%
be
93%
dancin'
93%
end
93%
kept
93%
pearls
93%
war
93%
was
93%
world
93%
era?
91%
just
91%
No
91%
make
87%
Boys
85%
in
85%
In
85%
on
85%
curls
83%
fuckin'
83%
horses
83%
it's
83%
Oh
83%
up
83%
As
80%
beginnin'
80%
get
80%
If
80%
loose
80%
only
80%
truth
80%
again
78%
hands
78%
too
78%
want
78%
We'll
78%
we'll
78%
much
76%
noise
76%
Shake
76%
way
76%
youth
76%
not
74%
throw
74%
toys
74%
understand
74%
across
72%
God
72%
my
72%
try
72%
before
70%
funny
70%
from
67%
hold
67%
into
67%
lean
67%
lovin'
67%
may
67%
money
67%
people
67%
Choreo
65%
endin'
65%
happy
65%
find
63%
pond
63%
by
61%
Cut
61%
corsets
59%
have
59%
hope
59%
I'm
59%
you're
59%
land
57%
Other
57%
(Told
57%
dizzy
54%
Dizzy
54%
foreign
54%
rug
54%
song
52%
little
50%
our
50%
take
50%
them
48%
Memorize
46%
news)
39%
fake
33%
(Mm)
28%
No matching quizzes found
Score Distribution
Percent of People with Each Score
Percentile by Number Answered
Your Score History
You have not taken this quiz